XSL formatting objects : developer's handbook (Record no. 37193)

MARC details
000 -LEADER
fixed length control field 00463nam a2200181Ia 4500
020 ## - INTERNATIONAL STANDARD BOOK NUMBER
ISBN 0672322811
050 ## - CALL MARK
Classification number QA 76.76 .H94 L68/
100 ## - STATEMENT OF RESPONSIBILITY--MAIN AUTHOR NAME
Personal name Lovell, Douglas
245 #0 - TITLE STATEMENT
Title XSL formatting objects : developer's handbook
260 ## - PUBLICATION, DISTRIBUTION, ETC. (IMPRINT)
Place of publication Indianapolis
260 ## - PUBLICATION, DISTRIBUTION, ETC. (IMPRINT)
Name of publisher Sams Publishing
260 ## - PUBLICATION, DISTRIBUTION, ETC. (IMPRINT)
Year of publication 2003
300 ## - PHYSICAL DESCRIPTION
Number of Pages 426 p
650 ## - SUBJECT ADDED ENTRY--TOPICAL TERM
Topical Term XSL (Document markup language)
942 ## - ADDED ENTRY ELEMENTS (KOHA)
Koha item type Books
Holdings
Withdrawn status Lost status Source of classification or shelving scheme Damaged status Not for loan Permanent Location Current Location Date acquired Accession Number Price effective from Koha item type
    Library of Congress Classification     NILE UNIVERSITY OF NIGERIA - MAIN LIBRARY NILE UNIVERSITY OF NIGERIA - MAIN LIBRARY 04/23/2025 0000669 04/23/2025 Books